Socorro!: 12 cuentos para caerse de miedo

Guardado en:
Detalles Bibliográficos
Autor principal: Bornemann, Elsa (Autor)
Formato: Libro
Lenguaje:español
Publicado: Buenos Aires Alfaguara 1994
Edición:1a. ed
Colección:Colección Infantil
Materias:
Etiquetas: Agregar Etiqueta
Sin Etiquetas, Sea el primero en etiquetar este registro!

MARC

LEADER 00000nam a2200000 a 4500
001 UCG4173
003 CL-VaPUC
008 101018e19941000AG |||||||||||||||||spa|d
020 |a 9505111606 
082 0 4 |a Ar863  |b BOR  |2 21 
100 |a Bornemann, Elsa  |e author  |9 545133 
245 1 0 |a Socorro!: 12 cuentos para caerse de miedo 
250 |a 1a. ed 
300 |a 168 p 
942 |c BK 
945 |d 20101018 00:00:00  |a mfarfan 
260 |a Buenos Aires  |b Alfaguara  |c 1994 
650 0 |a Literatura infantil   |9 307465 
650 0 |a Literatura argentina  |9 320596 
650 7 |a ESCRITORES ARGENTINOS  |2 CL-VaPUC  |9 553496 
583 |a last modification  |c 20101018 00:00:00  |k Rodrigo Vera 
490 0 |a Colección Infantil 
999 |c 343012  |d 343010